Представление документа в формате RUSMARC

ПолеНазваниеЗначение
  Тип записи c
  Библиографический уровень m
001 Контрольный номер RU/SLIB/B/208751281
005 Дата корректировки 20201206204132.9
010 Индекс ISBN __
d Цена 200-00
101 Язык документа __
a Язык текста rus
c Язык оригинала rus
200 Заглавие и сведения об ответственности 1_
a Заглавие Баянисту-любителю
e Сведения, относящиеся к заглавию ноты
f Первые сведения об ответственности сост. В. М. Ефимов
b Общее обозначение материала Ноты
h Номер части Вып. 18
210 Выходные данные __
a Место издания М.
c Издательство Совет. композитор
d Дата издания 1990
215 Физическое описание __
a Объем 35 с.
c Иллюстрации/тип воспроизводства ноты
606 Тематические рубрики __
a Основная рубрика Музыка и зрелищные искусства
606 Тематические рубрики __
a Основная рубрика Инструментальная музыка
610 Ключевые слова __
a Ключевые слова баяны; ноты; музыкальные произведения; инструментальные произведения
686 Индексы других классификаций __
a Классификационный индекс 85.954.7
702 Вторичная интеллектуальная ответственность _1
a Фамилия Ефимов
b Имя В. М.
4 Код отношения Составитель
801 Источник записи _0
a Страна RU
b Организация Муниципальное бюджетное учреждение культуры "Централизованная библиотечная система" г. Сургут (Центральная городская библиотека им. А. С. Пушкина)
g Правила каталогизации КиК/Михайлова
801 Источник записи _1
a Страна RU
b Организация Муниципальное бюджетное учреждение культуры "Централизованная библиотечная система" г. Сургут (Центральная городская библиотека им. А. С. Пушкина)
g Правила каталогизации КиК/Михайлова
852 Данные о местонахождении __
j Шифр хранения 85.954.7
c Каталожный индекс 85.954.7
i Авторский знак Б 34
p Инвентарный номер Б/Н
901 Тип документа __
t Тип документа m
990 Данные о заказе (DOS) __
j Количество экземпляров (DOS) 1